Riadenie firiem v kríze. 1 Konkurzy a vyrovnanie v SR a ČR z hľadiska platnej právnej úpravy a tendencií legislatívneho vývoja

Prehľad vývoja právnej úpravy zákona o konkurze a vyrovnaní v SR a ČR. Zákonné predpoklady uplatňovania zákona o konkurze a vyrovnaní. Zákonné opatrenia na odstránenie zlej hospodárskej situácie dlžníka pred vyhlásením konkurzu podľa slovenskej a českej právnej úpravy. Konkurz. Začatie konkurzného k...

Descrizione completa

Salvato in:
Dettagli Bibliografici
Autore principale: Žitňanská, Lucia
Natura: Capitolo di libro
Lingua:slovacco
Soggetti:
Tags: Aggiungi Tag
Nessun Tag, puoi essere il primo ad aggiungerne!!

MARC

LEADER 00000naa a2200000 4500
001 r025161
005 20230809081720.4
041 0 |a slo 
044 |a SK 
245 1 0 |a Riadenie firiem v kríze. 1  |b Konkurzy a vyrovnanie v SR a ČR z hľadiska platnej právnej úpravy a tendencií legislatívneho vývoja  |c Lucia Žitňanská 
520 |a Prehľad vývoja právnej úpravy zákona o konkurze a vyrovnaní v SR a ČR. Zákonné predpoklady uplatňovania zákona o konkurze a vyrovnaní. Zákonné opatrenia na odstránenie zlej hospodárskej situácie dlžníka pred vyhlásením konkurzu podľa slovenskej a českej právnej úpravy. Konkurz. Začatie konkurzného konania. Vyhlásenie konkurzu a jeho právne účinky. Prihlasovanie pohľadávok, prieskumné pojednávanie. Právne úkony. 
610 2 0 |a zákony 
610 2 0 |a 1991-1995 
610 2 0 |a legislatíva 
610 2 0 |a úpravy právne 
610 2 0 |a Slovensko 
610 2 0 |a Česko 
610 2 0 |a konkurzy 
610 2 0 |a bankrot 
610 2 0 |a veritelia 
610 2 0 |a dlžníci 
100 1 |a Žitňanská, Lucia